Baltimore Movies by Picture - Statistics

General Stats
  • This quiz has been taken 174 times
  • The average score is 3 of 16
Answer Stats
Picture Answer % Correct
The Silence of the Lambs
98%
12 Monkeys
34%
Cry-Baby
29%
Diner
18%
The Sum of All Fears
18%
Enemy of the State
16%
Ladder 49
13%
The Raven
13%
...And Justice for All
9%
Marnie
8%
He's Just Not That Into You
6%
Sleepless in Seattle
6%
He Said, She Said
4%
Tin Men
4%
Avalon
3%
Liberty Heights
3%
No matching quizzes found
Score Distribution
Percent of People with Each Score
Percentile by Number Answered
Your Score History
You have not taken this quiz